书目信息 |
| 题名: |
生物遗传标记与应用
|
|
| 作者: | 周延清 | |
| 分册: | ||
| 出版信息: | 北京 化学工业出版社 2008 |
|
| 页数: | 273 | |
| 开本: | 26cm | |
| 丛书名: | ||
| 单 册: | ||
| 中图分类: | Q31 | |
| 科图分类: | ||
| 主题词: | 遗传 , 变异 | |
| 电子资源: | ||
| ISBN: | 7-122-02492-3 | |
| 000 | 00565nam0 2200193 450 | |
| 001 | 1735846483 | |
| 005 | 20170410095726.48 | |
| 010 | @a7-122-02492-3@d¥49.00 | |
| 100 | @a20170410d km y0chiy0120 ea | |
| 101 | 0 | @achi |
| 200 | 1 | @a生物遗传标记与应用@Asheng wu yi zhuan biao ji yu ying yong@f周延清等@Fzhou yan qing deng |
| 210 | @a北京@c化学工业出版社@d2008 | |
| 215 | @a273@d26cm | |
| 606 | 0 | @a遗传 |
| 606 | 0 | @a变异 |
| 690 | @aQ31@v4 | |
| 701 | 0 | @a周延清@Azhou yan qing |
| 801 | 0 | @aCN@b大连网信软件有限公司图书馆·11@c20170410 |
| 905 | @b6604354@dQ31@en1@f1 | |
| 生物遗传标记与应用/周延清等.-北京:化学工业出版社,2008 |
| 273;26cm |
| ISBN 7-122-02492-3:¥49.00 |
| ● |
| 相关链接 |
|
|
|
|
正题名:生物遗传标记与应用
索取号:Q31/n1
 
预约/预借
| 序号 | 登录号 | 条形码 | 馆藏地/架位号 | 状态 | 备注 |
| 1 | 6604354 | 266043541 | 密集书库-生命科学系/ [索取号:Q31/n1] | 在馆 |